| 000 | 00609nam a22001697a 4500 | ||
|---|---|---|---|
| 082 |
_a616.9041 _bLEV |
||
| 100 |
_aLevinson, Warren _9113444 |
||
| 245 |
_aReview of Medical Microbiology and Immunology: _bA Guide to Clinical Infectious Diseases / _cWarren Levinson; Peter Chin-Hong; Elizabeth A. Joyce; Jesse Nussbaum; Brain Schwartz |
||
| 250 | _a17th Edition. | ||
| 260 |
_aNew York : _bMcGraw-Hill Education, _c2022. |
||
| 300 |
_a836 p. ; _bill, _c28 cm. |
||
| 563 | _aPBK. | ||
| 650 |
_aMedical microbiology _92536 |
||
| 650 |
_aClinical immunology _9113445 |
||
| 650 | _aMicrobiology | ||
| 942 |
_2ddc _cBK |
||
| 999 |
_c595199 _d595199 |
||